000 00318nam a22001457a 4500
008 221214b ||||| |||| 00| 0 eng d
020 _a9780766838369
041 _aeng
080 _a610.73
082 _a610.73DAN
100 _a8
101 _aINF
245 _aNURSING FUNDAMENTALS
_cDANIELS R
942 _2udc
_cBK
999 _c59186
_d59186